| 000 | 01268nam a22003617a 4500 | ||
|---|---|---|---|
| 003 | CHAP | ||
| 005 | 20220329143436.0 | ||
| 008 | 090831s2008 mx ab r 00010 spa d | ||
| 010 | _a96664 | ||
| 011 | _a97636 | ||
| 020 | _a9789563194722 | ||
| 035 | _a108306 | ||
| 040 | _cCHAP | ||
| 082 | 0 | 4 |
_a632.951 _bEn25 |
| 245 | 0 | 3 |
_aEl endosulfán y sus alternetivas en América Latina _cpor Fernando Bejarano González ...[et al.] |
| 260 |
_aSantiago : _bRed Internacional para la Eliminación de los Contaminantes Organicos Persistentes, _c2008 |
||
| 300 |
_a147 p. : _bilus., cuadros, gráfs., tablas |
||
| 590 |
_aBATCH-UPD _b10 _c20130110 _lUCH01 _h1111 |
||
| 590 |
_aBATCH-UPD _b10 _c20130410 _lUCH01 _h0702 |
||
| 590 |
_aBATCH-UPD _b10 _c20130913 _lUCH01 _h1901 |
||
| 590 |
_aCONVERSION _b10 _c20130109 _lUCH01 _h1353 |
||
| 650 | 1 | 4 |
_aAcaricidas _xToxicidad. _9407 |
| 650 | 1 | 4 |
_aAgricultura _zAmérica Latina. _91911 |
| 650 | 1 | 4 |
_aControl de plagas. _927595 |
| 650 | 1 | 4 |
_aInsecticidas. _958855 |
| 650 | 1 | 4 |
_aMedio ambiente _xContaminación. _974069 |
| 650 | 1 | 4 |
_aSalud. _9101807 |
| 700 | 0 |
_aBejarano González, Fernando. _911319 |
|
| 901 | _aBK | ||
| 911 | _aen proceso | ||
| 942 | _cLIBRO | ||
| 949 |
_a632.951 En25 _bBC _cLIBRO _d33724002116058 _eLIBRO _h11524 _i108306 _sb |
||
| 999 |
_c96664 _d96664 |
||